| Tag |
First Indicator |
Second Indicator |
Subfields |
| LEADER |
00000cam a2200000Ia 4500 |
| 001 |
in00002003406 |
| 005 |
20151031124547.0 |
| 008 |
020719s1966 onca b f000 0 eng d |
| 034 |
0 |
|
|a a
|d W0890000
|e W0530000
|f N0410000
|g N0090000
|
| 035 |
|
|
|a (OCoLC)ocm50200381
|
| 040 |
|
|
|a OLA
|c OLA
|d OCLCQ
|d TXA
|d UtOrBLW
|
| 043 |
|
|
|a ln-----
|a cc-----
|
| 049 |
|
|
|a TXAM
|
| 090 |
|
|
|a GC1
|b .C3592 1966, no.2
|
| 245 |
0 |
0 |
|a Western North Atlantic and Caribbean Sea, February 1 to February 27, 1965.
|
| 255 |
|
|
|a Scale not given
|c (W 89⁰--W 53⁰/N 41⁰--N 9⁰).
|
| 264 |
|
1 |
|a Ottawa, Canada :
|b Canadian Oceanographic Data Centre,
|c 1966.
|
| 300 |
|
|
|a 78 pages :
|b illustrations ;
|c 28 cm.
|
| 336 |
|
|
|a text
|b txt
|2 rdacontent
|
| 337 |
|
|
|a unmediated
|b n
|2 rdamedia
|
| 338 |
|
|
|a volume
|b nc
|2 rdacarrier
|
| 490 |
1 |
|
|a Data record series ;
|v 1966, no. 2
|
| 500 |
|
|
|a Chiefly tables.
|
| 500 |
|
|
|a "CODC reference: 03-65-001."
|
| 500 |
|
|
|a "Programmed by the Canadian Committee on Oceanography."
|
| 500 |
|
|
|a Data also available in electronic format. To request data use CONTACT page on NODC's National Virtual Data System (NVDS).
|
| 504 |
|
|
|a Includes bibliographical references (page 78).
|
| 610 |
2 |
0 |
|a Hudson (Ship).
|b Cruise
|d (1965)
|
| 650 |
|
0 |
|a Ocean temperature
|z North Atlantic Ocean
|v Observations.
|
| 650 |
|
0 |
|a Ocean temperature
|z Caribbean Sea
|v Observations.
|
| 650 |
|
0 |
|a Salinity
|z North Atlantic Ocean
|v Observations.
|
| 650 |
|
0 |
|a Salinity
|z Caribbean Sea
|v Observations.
|
| 650 |
|
0 |
|a Water
|x Dissolved oxygen
|z North Atlantic Ocean
|v Observations.
|
| 650 |
|
0 |
|a Water
|x Dissolved oxygen
|z Caribbean Sea
|v Observations.
|
| 710 |
2 |
|
|a Hudson (Ship).
|b Cruise
|d (1965)
|
| 710 |
2 |
|
|a Canadian Oceanographic Data Centre.
|
| 710 |
2 |
|
|a Canadian Committee on Oceanography.
|
| 830 |
|
0 |
|a Data record series ;
|v 1966, no. 2.
|
| 856 |
4 |
2 |
|u http://nndc.noaa.gov/?contacts.shtml
|z Request data online
|t 0
|
| 994 |
|
|
|a C0
|b TXA
|
| 948 |
|
|
|a cataloged
|b h
|c 2004/10/21
|d c
|e blrosas
|f 2:32:45 pm
|
| 999 |
|
|
|a MARS
|
| 999 |
f |
f |
|s ac3f7197-8c0a-329f-ad33-8cbb91559f86
|i ed3241ea-7e9b-332f-805d-15012936cc13
|t 0
|
| 952 |
f |
f |
|p ric
|a Texas A&M University
|b Rellis Campus
|c Joint Library Facility
|d Remote Storage
|t 0
|e GC1 .C3592 1966, no.2
|h Library of Congress classification
|i unmediated -- volume
|m A14831383276
|
| 998 |
f |
f |
|a GC1 .C3592 1966, no.2
|t 0
|l Remote Storage
|